000 00408nam a2200121Ia 4500
008 211119s9999||||xx |||||||||||||| ||und||
082 _a894.8124
_bSAR-N
100 _aSaradakutty, S
245 0 _aNjan Ningalkkethire Aakasatheyum Bhumiyeyum Sakshyam Vekkunnu
260 _bMathrubhumi Books
_a2011
_cKottayam
650 _aMalayalam Literature
_vMalayalam EssaysEconomics
_xPGR-GANDHIAN STUDIES
942 _cBOOK
999 _c112121
_d112121